000 00471nam a2200145Ia 4500
008 100415s9999 xx 000 0 und d
082 _b22311
_a598.2(47)
100 _aPortenko,L.A.
245 _aBirds of the Chukchi Peninsula And Wrangel Island
260 _aWASHINGTON D.C
_c1981
_bSMITHONIAN INSTITUTION
365 _b0
630 _aBirds of the Chukchi Peninsula And Wrangel Island
730 _aBirds of the Chukchi Peninsula And Wrangel Island
942 _cBOOK
999 _c605193
_d605190